000 00775nam a2200241 i 4500
001 108818
005 20230410132832.0
008 130304s2010 cl g 001 0 spa d
020 _a9789561119871
041 0 _aspa
050 1 4 _a1erAPT1erB826g 2010
100 1 _aBravo Lira, Bernardino
245 1 0 _aGrandes visiones de la historia :
_bde De civitate dei a study od history /
_cBernardino Bravo Lira; con la colaboración de Santiago Montt Oyarzún... [et al.].
250 _a1ra ed.
260 _aSantiago de Chile :
_bEditorial Universitaria,
_c2010.
300 _a156 p.
700 1 _aMontt Oyarzún, Santiago
700 1 _aRodríguez Torres, Javier
700 1 _aNúñez González, Cristián
700 1 _aVial Dumas, Manuel
942 _2lcc
946 _aPP
999 _c88625
_d88625